Insight guide : South Africa.
| Format: | Book |
|---|---|
| Published: |
Singapore:
Apa Publications,
1999.
|
| Edition: | 3rd ed. |
| Subjects: |
| LEADER | 00469cam a2200157 7i4500 | ||
|---|---|---|---|
| 001 | 0000007542 | ||
| 005 | 20000412090000.0 | ||
| 020 | 0 | 0 | |a 9812342230 |
| 090 | 0 | 0 | |a S. AF 910.202968 |b INS |
| 245 | 0 | 0 | |a Insight guide : |b South Africa. |
| 250 | 0 | 0 | |a 3rd ed. |
| 260 | 0 | 0 | |a Singapore: |b Apa Publications, |c 1999. |
| 300 | # | # | |a 367 p. |
| 650 | 0 | 0 | |a Voyages and travels -- |x Guidebooks -- |z South Africa |
| 651 | 0 | 0 | |a South Africa |
| 999 | |a B000010916 |b Book |c Countries |e Business Information Centre | ||


